[Event "Int SVK-ch Open 2020"]
[Site "Drienica"]
[Date "2020.08.13"]
[Round "5.12"]
[White "Striskova Lucia"]
[Black "Hros Roman"]
[Result "0-1"]
[WhiteElo "1706"]
[BlackElo "2203"]
[Annotator "TA"]
[PlyCount "86"]
[EventDate "2020.08.07"]
[EventType "swiss"]
[EventCountry "SVK"]

{[%evp 13,85,10,6,0,0,-6,8,-20,-23,-41,-39,-58,-61,-62,-50,-52,-77,-109,-95,-89,-62,-149,-110,-166,-182,-104,-133,-154,-79,-78,-25,-22,-24,-51,-51,-40,-41,-127,-105,-118,-116,-173,-44,-53,-23,-30,-37,-57,-51,-77,-68,-75,-25,-58,-43,-87,-84,-272,-256,-601,-603,-598,-591,-591,-562,-527,-437,-2102,-2087,-29991,-29992,-29997,-29998,-29999]} 1. e4 c5 2. Nf3 d6 3. d4 cxd4 4. Nxd4 Nf6 5. Nc3 a6 6. Be3 e5 7. Nf3 Be7 8. Bd3 {B90: Sicilian Najdorf: Unusual White 6th moves, 6 Be3 Ng4 and 6 Be3 e5.} O-O 9. O-O Nbd7 10. Qe2 {The position is equal.} b5 {[%cal Bb7b5,Bb5b4][%mdl 32] [#]} 11. a4 $146 ({Predecessor:} 11. a3 Bb7 12. Rac1 Rc8 13. Rfd1 d5 14. Bg5 d4 15. Nb1 Ne8 16. Bxe7 Qxe7 17. c3 dxc3 18. Nxc3 {1-0 (31) Berkle,P-Begri,F (1896) Bad Godesberg 2012}) 11... b4 $1 {[%cal Rb4c3]} 12. Na2 d5 13. Bd2 dxe4 14. Bxe4 Rb8 15. Bd3 Qc7 16. Rfe1 a5 17. Nxe5 (17. Bb5 $15) 17... Nxe5 18. Qxe5 (18. Bf4 $17 {was called for.} Nfg4 19. Bxe5 Nxe5 20. Qxe5) 18... Bd6 $19 19. Qg5 Bxh2+ 20. Kh1 Bd6 (20... Bd7 $142 21. g3 Ng4) 21. Qh4 {[#] Bg5 is the strong threat.} h5 (21... Be5 $1 $17 {With the idea ...Rd8.} 22. Bg5 h5) 22. c3 {[%cal Rc3b4]} Be6 23. cxb4 Bxa2 24. Rxa2 Bxb4 25. Rc1 (25. Bf4 $15 Qb6 26. Rc1) 25... Qd7 26. Bxb4 Rxb4 27. Qh3 (27. Bc4 $17) 27... Qd4 (27... Qd5 $19 28. Bb1 Ng4) 28. b3 $1 $15 g6 29. Bc4 Ng4 30. Kg1 Rd8 {Strongly threatening ...Rxc4!} 31. Qf3 Ne5 32. Qe2 Rb6 33. Rac2 Rf6 34. Re1 Ng4 $40 {[%mdl 128] Black attacks with force.} 35. Qf1 $2 {This move loses the game for White.} (35. Rf1 $17) 35... Kg7 $19 {And now ...h4 would win.} 36. g3 $2 {[#]} (36. Bb5) 36... h4 $1 {[%mdl 512]} 37. gxh4 Ne5 38. Be2 {If only White now had time for Rd1....} Qxh4 {( -> ...Rh8)} 39. Qg2 Rf5 {[%cal Bf6f5,Bf5g5,Bg5g4][%mdl 32] aiming for ...Rg5!} 40. Kf1 (40. Rc3 $142 Qb4 41. Rec1) 40... Rg5 41. Bg4 Rxg4 {Black mates.} 42. Qb7 Qh3+ 43. Ke2 Qd3# {Accuracy: White = 43%, Black = 71%.} 0-1

[Event "Int SVK-ch Open 2020"]
[Site "Drienica"]
[Date "2020.08.13"]
[Round "5.13"]
[White "Antal, Jakub"]
[Black "Bochnicka Vladimir"]
[Result "0-1"]
[WhiteElo "1918"]
[BlackElo "2151"]
[Annotator "ChessBase"]
[PlyCount "88"]
[EventDate "2020.08.07"]
[EventType "swiss"]
[EventCountry "SVK"]
[TimeControl "40/5400+30:1800+30"]

1. e4 {[%emt 0:00:00]} c5 {[%emt 0:00:00]} 2. Nf3 {[%emt 0:00:04]} Nc6 {[%emt 0:00:00]} 3. d4 {[%emt 0:00:09]} cxd4 {[%emt 0:00:00]} 4. Nxd4 {[%emt 0:00:04]} e5 {[%emt 0:00:00]} 5. Nb5 {[%emt 0:00:29]} d6 {[%emt 0:00:03]} 6. N1c3 {[%emt 0:00:25]} a6 {[%emt 0:00:06]} 7. Na3 {[%emt 0:00:08]} Be7 {[%emt 0:00:07]} 8. Bd3 {[%emt 0:18:17]} Nf6 {[%emt 0:00:23]} 9. O-O {[%emt 0:08:05]} O-O {[%emt 0:00:14]} 10. Nc4 {[%emt 0:10:30]} b5 {[%emt 0:00:31]} 11. Ne3 {[%emt 0:01:00]} Rb8 {[%emt 0:00:14]} 12. Ncd5 {[%emt 0:05:23]} Be6 {[%emt 0:09:48]} 13. f4 {[%emt 0:13:58]} exf4 {[%emt 0:08:30]} 14. Nxf4 {[%emt 0:04:13]} Ne5 {[%emt 0:01:28]} 15. Kh1 {[%emt 0:02:43]} Rc8 {[%emt 0:14:01]} 16. Bd2 {[%emt 0:07:59]} Nfd7 {[%emt 0:02:00]} 17. Qe2 {[%emt 0:04:50]} Bg5 {[%emt 0:14:53]} 18. Bc3 {[%emt 0:03:06]} Re8 {[%emt 0:19:53]} 19. a4 {[%emt 0:08:02]} Bc4 {[%emt 0:06:12]} 20. axb5 {[%emt 0:03:07]} axb5 {[%emt 0:00:13]} 21. Qf2 {[%emt 0:01:21]} Bh4 {[%emt 0:04:18]} 22. g3 {[%emt 0:01:50]} Bf6 {[%emt 0:00:13]} 23. Rad1 {[%emt 0:02:51]} Nc5 {[%emt 0:03:19]} 24. Bxe5 {[%emt 0:01:58]} Rxe5 {[%emt 0:01:26]} 25. Nfd5 {[%emt 0:01:01]} Nxe4 {[%emt 0:04:43]} 26. Bxe4 {[%emt 0:00:17]} Bxf1 {[%emt 0:03:34]} 27. Bxh7+ {[%emt 0:01:01]} Kxh7 {[%emt 0:00:12]} 28. Rxf1 {[%emt 0:00:12]} Kg8 {[%emt 0:02:48]} 29. Qf3 {[%emt 0:00:29]} Qe8 {[%emt 0:04:08]} 30. Nxf6+ {[%emt 0:00:38]} gxf6 {[%emt 0:00:06]} 31. Ng4 {[%emt 0:00:35]} Qc6 {[%emt 0:00:55]} 32. Nxf6+ {[%emt 0:00:36]} Kh8 {[%emt 0:00:21]} 33. Qxc6 {[%emt 0:00:37]} Rxc6 {[%emt 0:00:07]} 34. Ng4 {[%emt 0:00:25]} Re2 {[%emt 0:01:01]} 35. Rxf7 {[%emt 0:00:10]} Rcxc2 {[%emt 0:00:20]} 36. Rf1 {[%emt 0:00:53]} d5 {[%emt 0:00:22]} 37. h4 {[%emt 0:00:15]} d4 {[%emt 0:01:19]} 38. h5 {[%emt 0:00:23]} d3 {[%emt 0:00:14]} 39. h6 {[%emt 0:00:18]} d2 {[%emt 0:00:24]} 40. Rf8+ {[%emt 0:00:24]} Kh7 {[%emt 0:00:02]} 41. Rf7+ {[%emt 0:01:34]} Kg8 {[%emt 0:01:01]} 42. h7+ {[%emt 0:01:04]} Kxf7 {[%emt 0:00:48]} 43. Ne5+ {[%emt 0:00:23]} Rxe5 {[%emt 0:00:15]} 44. h8=Q {[%emt 0:00:21]} d1=Q# {[%emt 0:00:11]} 0-1

[Event "Int SVK-ch Open 2020"]
[Site "Drienica"]
[Date "2020.08.11"]
[Round "5.13"]
[White "Recky, Norbert"]
[Black "Lehocz, Jozsef Jr."]
[Result "0-1"]
[WhiteElo "1799"]
[BlackElo "1596"]
[Annotator "NA"]
[PlyCount "78"]
[EventDate "2020.08.07"]
[EventType "swiss"]
[EventCountry "SVK"]
[SourceTitle "playchess.com"]
[Source "ChessBase"]
[SourceQuality "1"]
[TimeControl "40/5400+30:1800+30"]

1. e4 {[%emt 0:00:00]} c5 {[%emt 0:00:00]} 2. Nf3 {[%emt 0:00:00]} d6 {[%emt 0:00:00]} 3. d4 {[%emt 0:00:00]} cxd4 {[%emt 0:00:00]} 4. Nxd4 {[%emt 0:00:00]} Nf6 {[%emt 0:00:06]} 5. Nc3 {[%emt 0:00:00]} Nc6 {[%emt 0:00:46]} 6. Bc4 {[%emt 0:01:46]} Bd7 {[%emt 0:03:40]} 7. O-O {[%emt 0:00:41]} g6 {[%emt 0:02:34]} 8. f3 {[%emt 0:03:58]} Bg7 {[%emt 0:02:49]} 9. Be3 {[%emt 0:00:18]} O-O {[%emt 0:01:16]} 10. Qd2 {[%emt 0:00:07]} a6 {[%emt 0:08:57]} 11. Rfd1 {[%emt 0:13:12]} b5 {[%emt 0:02:11]} 12. Bb3 {[%emt 0:06:23]} Qc7 {[%emt 0:02:25]} 13. Nxc6 {[%emt 0:01:01]} Bxc6 {[%emt 0:01:29]} 14. Bd4 {[%emt 0:00:16]} a5 {[%emt 0:07:05]} 15. Nd5 {[%emt 0:13:05]} Nxd5 {[%emt 0:01:11]} 16. Bxg7 {[%emt 0:01:32]} Kxg7 {[%emt 0:00:17]} 17. Bxd5 {[%emt 0:00:17]} Rfc8 {[%emt 0:01:45]} 18. c3 {[%emt 0:01:51]} Ra6 {[%emt 0:23:11]} 19. Qd3 {[%emt 0:05:31]} Bxd5 {[%emt 0:02:49]} 20. exd5 {[%emt 0:00:55]} Rb6 {[%emt 0:12:45]} 21. Kf2 {[%emt 0:07:18]} b4 {[%emt 0:01:16]} 22. cxb4 {[%emt 0:01:58]} Rxb4 {[%emt 0:00:30]} 23. Rd2 {[%emt 0:00:40]} Qb6+ {[%emt 0:00:33]} 24. Qe3 {[%emt 0:01:06]} Rxb2 {[%emt 0:00:32]} 25. Qxb6 {[%emt 0:01:25]} Rxb6 {[%emt 0:00:03]} 26. Re1 {[%emt 0:01:03]} Kf6 {[%emt 0:00:22]} 27. f4 {[%emt 0:01:43]} Rc5 {[%emt 0:02:17]} 28. g4 {[%emt 0:00:28]} Rb4 {[%emt 0:01:50]} 29. Kf3 {[%emt 0:01:13]} Rcc4 {[%emt 0:01:55]} 30. g5+ {[%emt 0:01:36]} Kf5 {[%emt 0:00:31]} 31. Rxe7 {[%emt 0:00:42]} Rxf4+ {[%emt 0:00:12]} 32. Kg3 {[%emt 0:03:17]} Kxg5 {[%emt 0:03:13]} 33. Ra7 {[%emt 0:01:05]} Ra4 {[%emt 0:02:27]} 34. Ra6 {[%emt 0:04:11]} Rg4+ {[%emt 0:00:37]} 35. Kf2 {[%emt 0:01:01]} Rgd4 {[%emt 0:05:33]} 36. Rxd4 {[%emt 0:01:10]} Rxd4 {[%emt 0:00:01]} 37. Rxa5 {[%emt 0:00:08]} Rd2+ {[%emt 0:00:20]} 38. Kg3 {[%emt 0:00:24]} f5 {[%emt 0:00:27]} 39. a4 {[%emt 0:00:11]} f4+ {[%emt 0:00:31]} 0-1

[Event "Int SVK-ch Open 2020"]
[Site "Drienica"]
[Date "2020.08.13"]
[Round "5.14"]
[White "Durica, Daniel"]
[Black "Ondo Tomas"]
[Result "1-0"]
[WhiteElo "1935"]
[BlackElo "2065"]
[Annotator "ChessBase"]
[PlyCount "73"]
[EventDate "2020.08.07"]
[EventType "swiss"]
[EventCountry "SVK"]
[TimeControl "40/5400+30:1800+30"]

1. d4 {[%emt 0:03:45]} Nf6 {[%emt 0:00:00]} 2. Nf3 {[%emt 0:00:07]} g6 {[%emt 0:00:00]} 3. g3 {[%emt 0:02:31]} Bg7 {[%emt 0:00:02]} 4. Bg2 {[%emt 0:00:09]} d6 {[%emt 0:00:17]} 5. c4 {[%emt 0:00:59]} O-O {[%emt 0:00:21]} 6. Nc3 {[%emt 0:00:13]} a6 {[%emt 0:00:21]} 7. O-O {[%emt 0:00:19]} Nc6 {[%emt 0:00:43]} 8. a3 {[%emt 0:05:42]} e5 {[%emt 0:05:32]} 9. d5 {[%emt 0:13:34]} Ne7 {[%emt 0:00:26]} 10. e4 {[%emt 0:06:01]} Nd7 {[%emt 0:05:36]} 11. b4 {[%emt 0:03:59]} h6 {[%emt 0:02:33]} 12. Be3 {[%emt 0:17:28]} f5 {[%emt 0:09:05]} 13. exf5 {[%emt 0:07:21]} gxf5 {[%emt 0:03:56]} 14. Rc1 {[%emt 0:01:29]} Ng6 {[%emt 0:04:10]} 15. Qc2 {[%emt 0:08:14]} Qe8 {[%emt 0:10:20]} 16. c5 {[%emt 0:07:24]} Rf7 {[%emt 0:30:07]} 17. Na4 {[%emt 0:06:47]} Qe7 {[%emt 0:11:18]} 18. h4 {[%emt 0:05:34]} Qf6 {[%emt 0:03:20]} 19. h5 {[%emt 0:01:54]} Ne7 {[%emt 0:00:20]} 20. cxd6 {[%emt 0:01:02]} cxd6 {[%emt 0:00:05]} 21. Nh4 {[%emt 0:01:32]} f4 {[%emt 0:07:06]} 22. Bd2 {[%emt 0:00:18]} Qg5 {[%emt 0:00:30]} 23. Qc7 {[%emt 0:00:43]} Qxh5 {[%emt 0:03:06]} 24. Qxd6 {[%emt 0:00:11]} Nf5 {[%emt 0:01:37]} 25. Nxf5 {[%emt 0:00:26]} Qxf5 {[%emt 0:00:10]} 26. Rc7 {[%emt 0:00:48]} f3 {[%emt 0:01:05]} 27. Bh1 {[%emt 0:00:39]} Bf8 {[%emt 0:00:33]} 28. Qe6 {[%emt 0:00:06]} Qh5 {[%emt 0:00:35]} 29. Rfc1 {[%emt 0:00:24]} e4 {[%emt 0:00:43]} 30. Rxc8 {[%emt 0:00:09]} Rxc8 {[%emt 0:00:27]} 31. Rxc8 {[%emt 0:00:02]} Ne5 {[%emt 0:00:34]} 32. Qxh6 {[%emt 0:02:14]} Qxh6 {[%emt 0:00:30]} 33. Bxh6 {[%emt 0:00:02]} Ng6 {[%emt 0:00:23]} 34. Nc5 {[%emt 0:00:37]} Kh7 {[%emt 0:00:32]} 35. Bxf8 {[%emt 0:00:08]} Nxf8 {[%emt 0:00:04]} 36. Nxe4 {[%emt 0:00:30]} Kg6 {[%emt 0:00:34]} 37. Nd2 {[%emt 0:00:25]} 1-0

[Event "Int SVK-ch Open 2020"]
[Site "Drienica"]
[Date "2020.08.11"]
[Round "5.14"]
[White "Tomcikova, Zuzana"]
[Black "Gulas, Gabriel"]
[Result "1-0"]
[WhiteElo "1785"]
[BlackElo "1472"]
[Annotator "NA"]
[PlyCount "41"]
[EventDate "2020.08.07"]
[EventType "swiss"]
[EventCountry "SVK"]
[SourceTitle "playchess.com"]
[Source "ChessBase"]
[SourceQuality "1"]
[TimeControl "40/5400+30:1800+30"]

1. e4 {[%emt 0:00:00]} e6 {[%emt 0:00:00]} 2. d4 {[%emt 0:00:00]} d5 {[%emt 0:00:00]} 3. Nd2 {[%emt 0:00:04]} dxe4 {[%emt 0:00:04]} 4. Nxe4 {[%emt 0:00:08]} Bd7 {[%emt 0:00:11]} 5. Nf3 {[%emt 0:00:19]} Bc6 {[%emt 0:00:07]} 6. Bd3 {[%emt 0:00:11]} Bxe4 {[%emt 0:00:45]} 7. Bxe4 {[%emt 0:00:22]} c6 {[%emt 0:00:07]} 8. O-O {[%emt 0:03:02]} Nf6 {[%emt 0:00:20]} 9. Bd3 {[%emt 0:01:09]} Bd6 {[%emt 0:00:25]} 10. Qe2 {[%emt 0:02:58]} Qc7 {[%emt 0:03:23]} 11. h3 {[%emt 0:01:25]} Nbd7 {[%emt 0:00:41]} 12. Re1 {[%emt 0:02:50]} h6 {[%emt 0:10:24]} 13. Ne5 {[%emt 0:01:49]} O-O {[%emt 0:03:47]} 14. c3 {[%emt 0:05:43]} c5 {[%emt 0:02:26]} 15. Nxd7 {[%emt 0:01:57]} Qxd7 {[%emt 0:04:15]} 16. dxc5 {[%emt 0:04:58]} Bxc5 {[%emt 0:00:20]} 17. Bf4 {[%emt 0:02:41]} Rad8 {[%emt 0:07:57]} 18. Rad1 {[%emt 0:04:47]} Qa4 {[%emt 0:06:57]} 19. b4 {[%emt 0:01:00]} Nd5 {[%emt 0:02:44]} 20. Bxh6 {[%emt 0:29:00]} Nf6 {[%emt 0:16:45]} 21. Bc1 {[%emt 0:02:24]} 1-0

[Event "Int SVK-ch Open 2020"]
[Site "Drienica"]
[Date "2020.08.13"]
[Round "5.15"]
[White "Brnusak Tomas"]
[Black "Sankova, Stella"]
[Result "0-1"]
[WhiteElo "2064"]
[BlackElo "1997"]
[Annotator "ChessBase"]
[PlyCount "64"]
[EventDate "2020.08.07"]
[EventType "swiss"]
[EventCountry "SVK"]
[TimeControl "40/5400+30:1800+30"]

1. c4 {[%emt 0:01:29]} e5 {[%emt 0:06:12]} 2. Nc3 {[%emt 0:00:20]} Nf6 {[%emt 0:00:05]} 3. g3 {[%emt 0:00:31]} Bb4 {[%emt 0:00:16]} 4. Bg2 {[%emt 0:00:50]} Bxc3 {[%emt 0:00:52]} 5. dxc3 {[%emt 0:00:29]} O-O {[%emt 0:00:11]} 6. e3 {[%emt 0:00:34]} d6 {[%emt 0:02:00]} 7. Ne2 {[%emt 0:00:44]} Nc6 {[%emt 0:00:49]} 8. O-O {[%emt 0:00:50]} Bg4 {[%emt 0:04:22]} 9. h3 {[%emt 0:02:59]} Be6 {[%emt 0:00:21]} 10. b3 {[%emt 0:00:11]} a5 {[%emt 0:00:10]} 11. a4 {[%emt 0:00:08]} Nd7 {[%emt 0:09:04]} 12. Ba3 {[%emt 0:01:54]} f5 {[%emt 0:08:38]} 13. Ra2 {[%emt 0:04:23]} Qf6 {[%emt 0:06:58]} 14. f4 {[%emt 0:05:01]} Rf7 {[%emt 0:01:13]} 15. e4 {[%emt 0:06:13]} g6 {[%emt 0:08:03]} 16. Kh2 {[%emt 0:07:29]} Qg7 {[%emt 0:03:49]} 17. Rd2 {[%emt 0:09:21]} fxe4 {[%emt 0:10:32]} 18. Bxe4 {[%emt 0:01:25]} Qh6 {[%emt 0:00:21]} 19. Bg2 {[%emt 0:18:13]} Nf6 {[%emt 0:00:37]} 20. Rh1 {[%emt 0:00:32]} Ng4+ {[%emt 0:04:20]} 21. Kg1 {[%emt 0:01:09]} Ne3 {[%emt 0:00:07]} 22. Qe1 {[%emt 0:01:53]} Raf8 {[%emt 0:07:33]} 23. Qf2 {[%emt 0:09:25]} Nxg2 {[%emt 0:04:27]} 24. Qxg2 {[%emt 0:00:28]} g5 {[%emt 0:02:27]} 25. fxe5 {[%emt 0:01:54]} Rf1+ {[%emt 0:06:08]} 26. Qxf1 {[%emt 0:00:21]} Rxf1+ {[%emt 0:00:08]} 27. Kxf1 {[%emt 0:01:39]} Bxh3+ {[%emt 0:00:30]} 28. Ke1 {[%emt 0:00:30]} Nxe5 {[%emt 0:00:30]} 29. Ng1 {[%emt 0:01:02]} g4 {[%emt 0:01:34]} 30. Kd1 {[%emt 0:01:24]} Qe3 {[%emt 0:01:01]} 31. Ne2 {[%emt 0:01:11]} Bg2 {[%emt 0:02:06]} 32. Rh2 {[%emt 0:01:15]} Nf3 {[%emt 0:01:25]} 0-1

[Event "Int SVK-ch Open 2020"]
[Site "Drienica"]
[Date "2020.08.11"]
[Round "5.15"]
[White "Kubikova, Nina"]
[Black "Furman, Slavomir"]
[Result "0-1"]
[WhiteElo "1256"]
[BlackElo "1760"]
[Annotator "NA"]
[PlyCount "64"]
[EventDate "2020.08.07"]
[EventType "swiss"]
[EventCountry "SVK"]
[SourceTitle "playchess.com"]
[Source "ChessBase"]
[SourceQuality "1"]
[TimeControl "40/5400+30:1800+30"]

1. e4 {[%emt 0:00:00]} e6 {[%emt 0:00:00]} 2. d4 {[%emt 0:00:00]} d5 {[%emt 0:00:00]} 3. e5 {[%emt 0:00:07]} c5 {[%emt 0:00:05]} 4. c3 {[%emt 0:00:10]} Nc6 {[%emt 0:00:19]} 5. Nf3 {[%emt 0:00:15]} Bd7 {[%emt 0:00:16]} 6. Be2 {[%emt 0:00:38]} cxd4 {[%emt 0:00:46]} 7. cxd4 {[%emt 0:00:10]} Nge7 {[%emt 0:00:28]} 8. Nc3 {[%emt 0:00:32]} a6 {[%emt 0:00:43]} 9. a4 {[%emt 0:00:55]} Qb6 {[%emt 0:04:09]} 10. Rb1 {[%emt 0:20:30]} Nf5 {[%emt 0:03:16]} 11. Be3 {[%emt 0:00:09]} Be7 {[%emt 0:07:48]} 12. O-O {[%emt 0:00:26]} O-O {[%emt 0:03:44]} 13. Bd3 {[%emt 0:02:59]} Nxe3 {[%emt 0:01:53]} 14. fxe3 {[%emt 0:00:14]} f6 {[%emt 0:02:44]} 15. Nh4 {[%emt 0:08:13]} Be8 {[%emt 0:18:03]} 16. Qg4 {[%emt 0:14:09]} Nb4 {[%emt 0:06:43]} 17. Bf5 {[%emt 0:14:36]} Bf7 {[%emt 0:08:01]} 18. Rf3 {[%emt 0:15:00]} fxe5 {[%emt 0:17:21]} 19. dxe5 {[%emt 0:07:42]} h5 {[%emt 0:11:01]} 20. Qg3 {[%emt 0:07:51]} Bxh4 {[%emt 0:00:25]} 21. Qxh4 {[%emt 0:00:07]} exf5 {[%emt 0:00:16]} 22. Rxf5 {[%emt 0:00:40]} Bg6 {[%emt 0:00:57]} 23. Rxf8+ {[%emt 0:01:43]} Rxf8 {[%emt 0:00:06]} 24. Re1 {[%emt 0:00:47]} a5 {[%emt 0:00:51]} 25. Qh3 {[%emt 0:00:51]} d4 {[%emt 0:01:52]} 26. exd4 {[%emt 0:00:29]} Qxd4+ {[%emt 0:00:09]} 27. Kh1 {[%emt 0:00:30]} Nd3 {[%emt 0:01:35]} 28. Qe6+ {[%emt 0:02:12]} Kh7 {[%emt 0:00:11]} 29. Qd6 {[%emt 0:01:31]} Nf2+ {[%emt 0:00:24]} 30. Kg1 {[%emt 0:00:08]} Nh3+ {[%emt 0:00:08]} 31. Kh1 {[%emt 0:00:11]} Qg1+ {[%emt 0:00:06]} 32. Rxg1 {[%emt 0:00:15]} Nf2# 0-1

[Event "Int SVK-ch Open 2020"]
[Site "Drienica"]
[Date "2020.08.13"]
[Round "5.16"]
[White "Bochnickova Simona"]
[Black "Ihnat Marek"]
[Result "0-1"]
[WhiteElo "1734"]
[BlackElo "2046"]
[Annotator "ChessBase"]
[PlyCount "56"]
[EventDate "2020.08.07"]
[EventType "swiss"]
[EventCountry "SVK"]
[TimeControl "40/5400+30:1800+30"]

1. e4 {[%emt 0:00:00]} c5 {[%emt 0:00:25]} 2. Nf3 {[%emt 0:00:08]} Nc6 {[%emt 0:00:15]} 3. Bb5 {[%emt 0:00:09]} g6 {[%emt 0:00:15]} 4. O-O {[%emt 0:00:12]} Bg7 {[%emt 0:00:12]} 5. Re1 {[%emt 0:00:14]} e5 {[%emt 0:03:44]} 6. Nc3 {[%emt 0:07:51]} d6 {[%emt 0:01:47]} 7. Nd5 {[%emt 0:02:26]} a6 {[%emt 0:04:44]} 8. Bf1 {[%emt 0:00:50]} Nge7 {[%emt 0:01:21]} 9. d3 {[%emt 0:01:29]} O-O {[%emt 0:00:59]} 10. c4 {[%emt 0:04:14]} b5 {[%emt 0:07:19]} 11. b3 {[%emt 0:02:41]} bxc4 {[%emt 0:05:33]} 12. bxc4 {[%emt 0:00:08]} Rb8 {[%emt 0:03:45]} 13. Bd2 {[%emt 0:03:12]} Bg4 {[%emt 0:11:41]} 14. Bc3 {[%emt 0:01:01]} f5 {[%emt 0:08:27]} 15. Nxe7+ {[%emt 0:12:46]} Qxe7 {[%emt 0:00:43]} 16. Be2 {[%emt 0:00:12]} fxe4 {[%emt 0:06:01]} 17. dxe4 {[%emt 0:01:32]} Be6 {[%emt 0:00:27]} 18. Qd2 {[%emt 0:02:36]} h6 {[%emt 0:01:35]} 19. Rab1 {[%emt 0:01:29]} Nd4 {[%emt 0:00:39]} 20. Rb2 {[%emt 0:02:32]} Qf7 {[%emt 0:08:27]} 21. Reb1 {[%emt 0:04:13]} Rxb2 {[%emt 0:02:23]} 22. Rxb2 {[%emt 0:00:08]} Bxc4 {[%emt 0:01:06]} 23. Bxd4 {[%emt 0:01:42]} exd4 {[%emt 0:01:19]} 24. Bxc4 {[%emt 0:00:07]} Qxc4 {[%emt 0:00:11]} 25. Rb6 {[%emt 0:00:55]} Kh7 {[%emt 0:16:45]} 26. Rxd6 {[%emt 0:03:16]} Rb8 {[%emt 0:00:17]} 27. g3 {[%emt 0:01:29]} Rb1+ {[%emt 0:00:47]} 28. Ne1 {[%emt 0:00:09]} Qc3 {[%emt 0:00:39]} 0-1

[Event "Int SVK-ch Open 2020"]
[Site "Drienica"]
[Date "2020.08.11"]
[Round "5.16"]
[White "Kucik, Patrik"]
[Black "Marsina, Stefan"]
[Result "1/2-1/2"]
[WhiteElo "1561"]
[BlackElo "1829"]
[Annotator "NA RC"]
[PlyCount "81"]
[EventDate "2020.08.07"]
[EventType "swiss"]
[EventCountry "SVK"]
[SourceTitle "playchess.com"]
[Source "ChessBase"]
[SourceQuality "1"]
[TimeControl "40/5400+30:1800+30"]

{[%evp 33,81,-83,-65,32767,-95,32767,-10,32767,0,-150,32767,-135,-154,32767,32767,-204,-181,-235,32767,-249,-210,-200,-192,-254,-158,-277,-267,-291,-188,-340,-304,-282,-321,-378,-343,-353,-377,-392,32767,32767,32767,32767,32767,32767,32767,32767,-34,-25,3,0]} 1. e4 {[%emt 0:00:00]} d6 {[%emt 0:00:00]} 2. Nf3 {[%emt 0:00:07]} Nf6 {[%emt 0:00:04]} 3. Nc3 {[%emt 0:00:33]} g6 {[%emt 0:01:23]} 4. Be2 {[%emt 0:02:09]} Bg7 {[%emt 0:01:47]} 5. d3 {[%emt 0:00:46]} c6 {[%emt 0:07:17]} 6. Be3 {[%emt 0:08:53] B07: Pirc Defence: Miscellaneous Systems.} Ng4 {[%emt 0:01:27]} 7. Bd2 {[%emt 0:00:49]} Qb6 {[%emt 0:01:54]} 8. O-O {[%emt 0:02:25] [#]} Qxb2 $146 {[%emt 0:02:45]} ({Predecessor:} 8... Nd7 9. h3 Nge5 10. Qc1 Nxf3+ 11. Bxf3 O-O 12. Nd1 Nc5 13. Bc3 e5 14. b3 Ne6 {0-1 (33) Jordake,M (1810)-Henrich,D (2140) Heusenstamm 2015}) 9. Rb1 {[%emt 0:02:12]} Qa3 {[%emt 0:00:03]} 10. Rb3 {[%emt 0:01:31]} Qa5 {[%emt 0:00:26]} 11. h3 {[%emt 0:02:51]} Nf6 {[%emt 0:00:25]} 12. Nh2 {[%emt 0:06:13]} Qc7 {[%emt 0:09:29]} 13. Rb1 {[%emt 0:04:49]} O-O {[%emt 0:16:59]} 14. f4 {[%emt 0:03:59]} e5 {[%emt 0:06:41]} 15. fxe5 {[%emt 0:03:22]} dxe5 {[%emt 0:00:17]} 16. Bg5 {[%emt 0:01:24]} Qd6 {[%emt 0:06:01]} 17. Qd2 {[%emt 0:02:43]} Ne8 {[%emt 0:00:40]} 18. Kh1 {[%emt 0:05:14]} b5 {[%emt 0:03:28]} 19. Bg4 {[%emt 0:02:20]} f5 {[%emt 0:02:43]} (19... Bd7 $17) 20. Bf3 {[%emt 0:07:12] [#]} a6 $2 {[%emt 0:00:45]} ({Better is} 20... f4 $1 $19 21. Ne2 Nc7) 21. Bh6 {[%emt 0:05:29]} (21. exf5 $11 gxf5 22. g4) 21... Ra7 {[%emt 0:02:57]} 22. Qf2 {[%emt 0:02:56]} Raf7 {[%emt 0:14:04]} 23. Be3 {[%emt 0:01:02]} Nd7 {[%emt 0:00:13]} 24. Qe2 {[%emt 0:02:30]} (24. exf5 $17 {was called for.} gxf5 25. Bh5) 24... Nc5 {[%emt 0:01:30]} 25. Bc1 {[%emt 0:06:00]} (25. exf5 $17 gxf5 26. Rbd1) 25... Ne6 {[%emt 0:00:18]} 26. Be3 {[%emt 0:04:17]} Nd4 {[%emt 0:00:38]} 27. Qf2 {[%emt 0:01:10]} Nf6 {[%emt 0:01:56]} 28. Qd2 {[%emt 0:01:27]} (28. exf5 {is a better defense.} Bxf5 29. Qd2) 28... b4 {[%emt 0:10:05]} 29. Bxd4 {[%emt 0:03:16]} (29. Na4 $142) 29... exd4 {[%emt 0:00:05]} ({Weaker is} 29... Qxd4 30. Ne2 $17) 30. Na4 {[%emt 0:03:08]} c5 {[%emt 0:00:09]} 31. Rbe1 $2 {[%emt 0:00:51]} (31. exf5 Bxf5 32. Nb2) 31... fxe4 {[%emt 0:00:40]} 32. dxe4 {[%emt 0:00:44]} Nd7 {[%emt 0:00:18]} 33. Nb2 {[%emt 0:00:36]} Ne5 {[%emt 0:00:18]} 34. Be2 {[%emt 0:00:51]} Be6 {[%emt 0:00:40]} 35. Rxf7 {[%emt 0:00:52]} Rxf7 {[%emt 0:00:12]} 36. Nd3 {[%emt 0:00:40]} Nc4 {[%emt 0:00:41]} 37. Qg5 {[%emt 0:01:08]} Bf6 {[%emt 0:02:21]} 38. Qxc5 {[%emt 0:00:45]} Qg3 {[%emt 0:00:24]} 39. Nf3 {[%emt 0:01:30] [#]} Ne3 $1 {[%emt 0:00:41]} 40. Rg1 {[%emt 0:01:12]} Qc7 $11 {[%emt 0:05:12]} 41. e5 {[%emt 0:32:50]} 1/2-1/2

[Event "Int SVK-ch Open 2020"]
[Site "Drienica"]
[Date "2020.08.13"]
[Round "5.17"]
[White "Garancovsky, Pavol"]
[Black "Hlavac, Peter"]
[Result "1-0"]
[WhiteElo "2025"]
[BlackElo "1961"]
[Annotator "ChessBase"]
[PlyCount "39"]
[EventDate "2020.08.07"]
[EventType "swiss"]
[EventCountry "SVK"]
[TimeControl "40/5400+30:1800+30"]

1. d4 {[%emt 0:03:06]} Nf6 {[%emt 0:01:50]} 2. Nf3 {[%emt 0:00:14]} c5 {[%emt 0:02:30]} 3. d5 {[%emt 0:00:38]} b5 {[%emt 0:00:13]} 4. e4 {[%emt 0:03:03]} Nxe4 {[%emt 0:02:11]} 5. Bd3 {[%emt 0:02:05]} Nd6 {[%emt 0:03:03]} 6. Bf4 {[%emt 0:00:44]} c4 {[%emt 0:03:58]} 7. Be2 {[%emt 0:01:38]} Bb7 {[%emt 0:08:23]} 8. Bxd6 {[%emt 0:02:16]} exd6 {[%emt 0:00:13]} 9. Nc3 {[%emt 0:03:00]} Qa5 {[%emt 0:06:31]} 10. O-O {[%emt 0:02:38]} b4 {[%emt 0:01:10]} 11. Bxc4 {[%emt 0:01:14]} bxc3 {[%emt 0:00:39]} 12. Re1+ {[%emt 0:01:53]} Be7 {[%emt 0:12:05]} 13. Qe2 {[%emt 0:03:02]} O-O {[%emt 0:08:53]} 14. Qxe7 {[%emt 0:02:37]} cxb2 {[%emt 0:01:03]} 15. Rab1 {[%emt 0:03:39]} Bxd5 {[%emt 0:00:23]} 16. Qg5 {[%emt 0:00:19]} f5 {[%emt 0:01:29]} 17. Re7 {[%emt 0:01:13]} Bf7 {[%emt 0:00:31]} 18. Bxf7+ {[%emt 0:00:15]} Rxf7 {[%emt 0:00:08]} 19. Re8+ {[%emt 0:00:11]} Rf8 {[%emt 0:00:14]} 20. Qe7 {[%emt 0:00:06]} 1-0